000 01084cam a2200313 i 4500
001 34126
003 Mx-PuUPA
005 20260604122538.0
008 140415s2010 enka fr 001 0 eng d
020 _a978129211063
040 _aMx-PuUPA
_bspa
_cMx-PuUPA
_dMx-PuUPA
_erda
041 0 _aeng
100 1 _aShipton, Vicky,
_917945
_eautor
245 1 0 _aWonders of the world /
_cVicky Shipton
264 1 _aHarlow, England :
_bPearson Education Limited,
_c©2010
300 _aiv, 44 páginas :
_bilustraciones (a color) ;
336 _2rdacontent
_atexto
_btxt
337 _2rdamedia
_asin medio
_bn
338 _2rdacarrier
_avolumen
_bnc
490 0 _aPearson English Active Readers
521 _aLevel 2
_a600 headwords
650 7 _2armarc
_aCuriosidades y maravillas
650 7 _2armarc
_aInglés
_xEstudio y enseñanza
650 7 _2armarc
_aCuriosidades y maravillas
_xLiteratura infantil
650 7 _2armarc
_aInglés
_xTextos para extranjeros
_x(Educación primaria)
942 _2ddc
_cLI
_h428.24
_iS55
999 _c34126
_d34126